Personnes célèbres par centenaire - avant l'an 1 - Statistiques

Statistiques générales
  • Ce quiz a été pris 159 fois
  • Le résultat moyen est 8 sur 19
Statistiques - réponses
Centenaire Description Réponse % Correct
Ier siècle av. J.-C. Cet homme, dictateur et consul de la République Romaine, vainqueur de la Guerre des Gaules, sera assassiné aux ides de mars de l'an -44. Jules César
99%
VIIIème siècle av. J.-C. Les deux premières œuvres occidentales que sont l'Iliade et l'Odyssée sont attribuées à cet homme. Homère
79%
IIème siècle av. J.-C. Ce général et homme politique carthaginois, considéré comme l'un des plus grands tacticiens de l'Histoire, verra la majorité de ses éléphants de guerre mourir durant la traversée des Alpes. Hannibal Barca
68%
XIème siècle av. J.-C. Cette figure importante de l'Ancien Testament est l'un des fondateurs majeurs de l'État israélite. Il est notamment l'auteur des psaumes du Livre des Psaumes et est connu pour avoir vaincu le géant Goliath à l'aide d'une fronde. David
66%
XIIème siècle av. J.-C. Cette femme, mariée au roi de Sparte Ménélas, est l'origine de la Guerre de Troie, étant enlevée par Pâris, prince troyen. Hélène
65%
IVème siècle av. J.-C. Précepteur d'Alexandre le Grand et élève de Platon, ce polymathe grec est généralement considéré comme le philosophe ayant le plus influencé la pensée du monde occidental. Aristote
64%
XIIIème siècle av. J.-C. Ce pharaon, appelé Ozymandias, est surnommé le "pharaon bâtisseur". Son règne de 70 ans est marqué par de nouvelles conquêtes et l'érection de nombreuses statues et temples, notamment ceux d'Abou Simbel. Ramsès II
63%
XIVème siècle av. J.-C. Cette reine d'Égypte présentant une beauté légendaire a exercé un important pouvoir politique et religieux au point d'occulter son royal époux. Néfertiti
59%
VIème siècle av. J.-C. Philosophe chinois, c'est le personnage historique ayant le plus marqué la civilisation de ce pays. Il est surnommé "premier éducateur de la Chine". Confucius
51%
Xème siècle av. J.-C. Cet homme est, selon l'Ancien Testament, roi de l'ancien royaume d'Israël, réputé pour sa richesse et sa sagesse. Il est notamment connu pour la fondation du Temple de Jérusalem ainsi que son jugement. Salomon
47%
XIXème siècle av. J.-C. Principal patriarche de la religion juive, cet homme est l'une des figures centrales du livre de la Genèse. Il est considéré comme le fondateur du monothéisme par l'Islam, le Judaïsme et le Christianisme. Abraham
46%
Vème siècle av. J.-C. Cet homme est l'un des trois grands dramaturges grecs, avec Eschyle et Euripide. Il est notamment l'auteur des pièces Ajax, Antigone et Œdipe Roi. Sophocle
29%
VIIème siècle av. J.-C. Cette poétesse grecque a donné deux mots désignant l'homosexualité féminine, l'un provenant de son lieu de vie, l'île de Lesbos donnant le lesbianisme, l'autre provenant de son nom. Sappho
28%
IXème siècle av. J.-C. Cette princesse phénicienne est la fondatrice et première reine légendaire de Carthage. Didon
24%
IIIème siècle av. J.-C. Cet homme est l'unificateur de l'empire de Chine, l'empereur fondant la dynastie portant son nom, le père de la Muraille de Chine et celui pour qui l'Armée de terre cuite a été réalisée. Qin Shi Huang
23%
XVème siècle av. J.-C. "Première grande femme dont l'Histoire ait gardé le nom", cette reine d'Égypte est devenue pharaon, cinquième souveraine de la XVIIIème dynastie. Hatchepsout
16%
XVIIIème siècle av. J.-C. Ce dirigeant babylonien, régnant pendant 43 ans, fait passer son royaume au premier plan de l'échiquier politique mondial. Son œuvre politique et législative est déterminante et son Code est l'un des textes de loi les plus anciens retrouvés. Hammurabi
14%
XVIème siècle av. J.-C. Père du personnage précédent, ce pharaon est le premier à faire bâtir un tombeau dans la vallée des Rois. Thoutmôsis Ier
7%
XVIIème siècle av. J.-C. Ce roi Hittite change de nom après avoir transféré la capitale de son royaume à la cité de Hattusa. Hattusili Ier
1%
Aucun quiz correspondant
Distribution des résultats
% des personnes avec chaque résultat
Percentile par nombre de réponses
Votre historique - résultats
Vous n’avez pas pris ce quiz